Loading...

Vegetation and soils: A world picture

Bibliographic Details
Main Author: SR Eyre
Format: Printed Book
Language:Undetermined
Published: London Edward arnold 1968
Subjects:
LEADER 00725nam a2200265Ia 4500
008 141004s9999 xx 000 0 und d
020 |a 0 7131 5838 7 
040 |c a 
041 |a English 
082 |a 631.4 
082 |b EYR/VE 
100 |a SR Eyre 
245 |a Vegetation and soils: A world picture 
245 |c SR Eyre 
260 |a London 
260 |b Edward arnold 
260 |c 1968 
300 |a 328 
300 |b 23 cm 
365 |a # 10.95  
501 |a COF  
650 |a Vegetation 
942 |c BK 
999 |c 171150  |d 171150 
952 |0 0  |1 0  |4 0  |6 631_400000000000000_EYR_VE  |7 0  |9 176362  |a KAUCOF  |b KAUCOF  |g 0.00  |l 1  |o 631.4 EYR/VE  |p KAU_COF-1064  |r 2015-04-27  |s 2015-04-10  |w 2014-10-04  |y BK